LEADER 01036nam2 2200289 i 450 001 996360748803316 005 20201007092005.0 010 $a978-88-288-1999-8 100 $a20200616d2020----||||0itac50 ba 101 $aita 102 $aIT 200 1 $a<> vicende anomale del processo tributario$esospensione, interruzione ed estinzione$fAntonella Lucarelli$gpresentazione di Roberto Succio 210 $aMilano$cGiuffré Francis Lefebvre$d2020 215 $aXV, 175 p.$d21 cm 225 $aTeoria e pratica del diritto$iFisco e tributi 410 0$1001000350385$12001$aTeoria e pratica del diritto$iFisco e tributi 606 0 $aContenzioso tributario$xItalia$2BNCF 676 $a343.450420269 700 1$aLUCARELLI,$bAntonella$f<1972- >$0788604 702 1$aSUCCIO,$bRoberto 801 0$aIT$bsalbc$gISBD 912 $a996360748803316 951 $aXXIV.5. Coll. 4/ 38$b91107 G.$cXXIV.5. Coll. 4/$d453522 959 $aBK 969 $aGIU 996 $aVicende anomale del processo tributario$91758102 997 $aUNISA LEADER 01386nam 2200445 450 001 9910793868603321 005 20210803035248.0 010 $a1-925835-20-0 010 $a1-925835-19-7 035 $a(CKB)4100000009445361 035 $a(MiAaPQ)EBC5909948 035 $a(MiAaPQ)EBC6109576 035 $a(MiAaPQ)EBC6225028 035 $a(EXLCZ)994100000009445361 100 $a20201006d2019 uy 0 101 0 $aeng 135 $aurcnu|||||||| 181 $ctxt$2rdacontent 182 $cc$2rdamedia 183 $acr$2rdacarrier 200 00$aTalking north $ethe journey of Australia's first Asian language /$fedited by Paul S. Thomas 210 1$aClayton, Victoria, Australia :$cMonash University Publishing,$d[2019] 210 4$d©2019 215 $a1 online resource (304 pages) 311 $a1-925835-18-9 320 $aIncludes bibliographical references. 606 $aIndonesian language$zAustralia 606 $aIndonesian language$xStudy and teaching$zAustralia 607 $aAustralia$xLanguages 615 0$aIndonesian language 615 0$aIndonesian language$xStudy and teaching 676 $a409.94 702 $aThomas$b Paul S$c(Lecturer in Indonesian Studies), 801 0$bMiAaPQ 801 1$bMiAaPQ 801 2$bMiAaPQ 906 $aBOOK 912 $a9910793868603321 996 $aTalking north$93744683 997 $aUNINA